Statistics for Tel Aviv Ben Gurion International Airport Destinations

Click here to take the quiz!

General Stats

  • This quiz has been taken 981 times
    (153 since last reset)
  • The average score is 83 of 152

Answer Stats

Airlines Flying to DestinationDestination% Correct
Air France, ASL Airlines France, easyJet, El AlParis-Charles de Gaulle
89%
TransaviaParis-Orly
89%
Arkia, El Al, Israir, ITA Airlines, Ryanair, Tus Airways, Wizz AirRome-Fiumicino
89%
EgyptAirCairo
87%
Arkia, El Al, Emirates, flydubai, IsrairDubai
87%
easyJetLondon-Gatwick
87%
easyJet, El Al, Wizz AirMilan
87%
Arkia, El Al, KLM, easyJet, TransaviaAmsterdam
86%
El AlMoscow-Domodevo
86%
AeroflotMoscow-Sheremetyevo
86%
Ural AirlinesMoscow-Zhukovsky
86%
American Airlines, Delta Air Lines, El AlNew York-JFK
86%
Aegean Airlines, Arkia, Bluebird Airways, El Al, Israir, Ryanair, Wizz Air, Tus AirwaysAthens
85%
Arkia, EasyJet, El Al, Israir, RyanairBerlin
85%
Turkish AirlinesIstanbul
85%
AnadoluJet, Pegasus AirlinesIstanbul-Sabiha Gökçen
85%
Air Europa, Arkia, El Al, IberiaMadrid
85%
Air CanadaToronto-Pearson
85%
Air IndiaDelhi
84%
El Al, Israir, LufthansaMunich
84%
Etihad, Wizz AirAbu Dhabi
83%
Arkia, Bluebird Airways, El Al, Vueling, Wizz AirBarcelona
83%
Brussels Airlines, El AlBrussels
83%
El Al, LufthansaFrankfurt
83%
El AlLos Angeles
83%
El Al, LOT Polish Airlines, Wizz AirWarsaw-Chopin
83%
RyanairWarsaw-Modlin
83%
El Al, Swiss International AirlinesZürich
83%
El Al, Hainan AirlinesBeijing
82%
Animawings, El Al, TAROM, Wizz Air, Blue Air, Ryanair, HiSkyBucharest
81%
El AlDublin
81%
easyJetManchester
81%
American Airlines, El AlMiami
81%
Arkia, Bulgaria Air, El Al, Ryanair, Wizz Air, IsrairSofia
81%
Austrian Airlines, El Al, Ryanair, Wizz AirVienna
81%
Rossiya, Ural AirlinesSaint Petersburg
80%
Arkia, El Al, Israir, Ryanair, Wizz AirBudapest
79%
Royal JordanianAmman
78%
FinnairHelsinki
78%
El Al, TAP Air PortugalLisbon
78%
El AlMumbai
77%
Norwegian Air ShuttleStockholm-Arlanda
77%
El AlTokyo-Narita
77%
Korean AirSeoul
76%
Hainan AirlinesShanghai
75%
El Al, United AirlinesChicago
74%
Delta Air LinesAtlanta
73%
El Al, Israir, Royal Air MarocCasablanca
73%
El Al, RyanairVenice
73%
Norwegian Air ShuttleCopenhagen
72%
easyJet, El AlGeneva
72%
easyJet, Ryanair, Sun d'Or, Wizz AirNaples
72%
LOT Polish Airlines, Sun d'Or, Ryanair, Wizz AirKraków
71%
El Al, Israir, Ukraine International AirlinesKiev-Boryspil
70%
El Al, RyanairMarseille
70%
airBalticRiga
70%
United Airlines, El AlSan Francisco
70%
Delta Air Lines, El AlBoston
69%
Cathay Pacific, El AlHong Kong
69%
Arkia, Blubird Airways, El Al, Israir, SmartwingsPrague
69%
TLV AirHamburg
68%
Arkia, Azerbaijan Airlines, IsrairBaku
67%
Air CanadaMontréal-Trudeau
67%
United AirlinesWashington-Dulles
67%
El AlBangkok
66%
Arkia, IsrairBelgrade
66%
El Al, Sun d'OrZagreb
66%
IcelandairReykjavik
65%
Arkia, Georgian Airways, Israir Airlines, MyWay Airlines, Sun d'OrTbilisi
64%
Aircompany Armenia, FLYONE ArmeniaYerevan
64%
easyJet, TransaviaLyon
63%
Aegean Airlines, Arkia, Bluebird Airways, El Al, Israir, Ryanair, Tus AirwaysThessaloniki
63%
BelaviaMinsk
61%
Sun d'OrPorto
61%
AeroItaliaFlorence
59%
EasyJet, El AlNice
59%
Ryanair, Wizz AirVilnius
59%
Ethiopian AirlinesAddis Ababa
58%
El AlJohannesburg
56%
RyanairTurin
55%
Air Malta, Israir, RyanairMalta
54%
AnadoluJet, Corendon Airlines, Turkish Airlines, Pegasus AirlinesAntalya
53%
Arkia, Bluebird Airways, Cyprus Airways, El Al, Israir, Tus Airways, Wizz AirLarnaca
52%
Pegasus, SunExpressIzmir
51%
El Al, United AirlinesNewark
51%
Arkia, El Al, IsrairMarrakesh
50%
Sun d'Or, Ukraine International AirlinesOdessa
50%
Aegean Airlines, Arkia, Bluebird Airways, Israir, Tush's Airways, Sun d'Or, Wizz AirRhodes
50%
Arkia, Sun d'OrDubrovnik
49%
Uzbekistan AirwaysTashkent
49%
Ukraine International AirlinesLviv
48%
IsrairTirana
48%
Aegean Airlines, Arkia, Bluebird Airways, Israir, Tus Airways, Wizz AirHeraklion
47%
Israir, Sun d'OrMálaga
47%
easyJetBordeaux
46%
Air Moldova, Arkia, FlyOneChisinau
46%
easyJetToulouse
45%
Bulgaria Air, Israir, Wizz AirVarna
44%
Israir Airlines, Sun d'OrLjubljana
43%
Ryanair, Wizz AirBari
42%
easyJetBasel/Mulhouse
42%
Israir, Ryanair, Wizz AirCatania
42%
Hainan AirlinesShenzhen
42%
Arkia, Aegean Airlines, Bluebird Airlines, Wizz AirMykonos
41%
Rossiya, Ural AirlinesSochi
41%
Aegean Airlines, Ryanair, Wizz AirSantorini
40%
RyanairBologna
39%
Ukraine International AirlinesKharkiv
39%
Sichuan AirlinesChengdu
38%
Israir, Ryanair, Tus AirwaysCorfu
38%
Air PeaceLagos
38%
Air Seychelles, Arkia, El AlMahé
38%
HiSky, Wizz AirCluj-Napoca
35%
Arkia, IsrairEilat
33%
Gulf AirBahrain
32%
Ryanair, Sun d'Or, Tus AirwaysPaphos
32%
Wizz AirKatowice
31%
El AlLas Vegas
31%
AzimuthRostov-on-Don
31%
Arkia, Georgian Airways, IsrairBatumi
30%
Arkia, Bluebird Airways, Tus AirwaysKos
28%
Sun d'OrSalzburg
28%
Bulgaria Air, Israir, Wizz AirBurgas
27%
RyanairChania
26%
Bluebird Airways, Neos, Tus AirwaysVerona
26%
Ukraine International AirlinesDnipropetrovsk
25%
El AlPhuket
25%
El Al, IsrairSharm El Sheikh
25%
Ural AirlinesYekaterinburg
25%
Bluebird AirwaysZakynthos
22%
AeroItalia, Arkia, RyanairBergamo
21%
Wizz Air, Blue AirIasi
21%
ArkiaPlovdiv
17%
RyanairPoznań
17%
TransaviaEindhoven
16%
Ural AirlinesKrasnodar
16%
Corendon AirlinesBodrum
15%
Wizz AirDebrecen
15%
IsrairZanzibar
14%
El AlFort Lauderdale
10%
AnadoluJet, Pegasus AirlinesDalaman
9%
British Airways, El Al, Virgin AtlanticLondon-Heathrow
9%
RyanairCharleroi
8%
Pegasus AirlinesTrabzon
8%
RyanairTreviso
6%
Ural AirlinesMineralnye Vody
5%
Aegean AirlinesIoannina
4%
easyJet, El Al, Wizz AirLondon-Luton
4%
RyanairMemmingen
3%
Wizz AirSuceava
2%
RyanairKarlsruhe/Baden-Baden
1%

Score Distribution

Percentile by Number Answered

Percent of People with Each Score

Your Score History

You have not taken this quiz since the last reset